000 00717nam a2200193Ia 4500
003 GCL
008 140319s9999 xx 000 0 ara d
020 _a3058610977
040 _aGCL /
_cGCL
082 0 4 _aق
_b915.30738
_bا ت
100 1 _aاحمد عبدالرازق احمد
245 1 0 _aتاريخ واثار مصر الاسلامية من الفتح العربى حتى نهاية العصر الفاطمى /
_cاحمد عبدالرازق احمد
260 _aالقاهرة :
_bدار الفكر العربى ،
_c1993
300 _a286 ص:
_bايض ؛
_c24 سم
650 0 4 _aمصر
650 0 4 _aالاثار الاسلامية
650 0 4 _aالموسوعات الاسلامية
942 _2ddc
_cBK
999 _c57912
_d57912